Základy práva životného prostredia. 1
Prvý príspevok do seriálu starostlivosti o poľnohospodársky pôdny fond. Pojem pôda a právna úprava starostlivosti o pôdu.
Guardado en:
| Autor principal: | |
|---|---|
| Formato: | Capítulo de libro |
| Lenguaje: | eslovaco |
| Materias: | |
| Etiquetas: |
Sin Etiquetas, Sea el primero en etiquetar este registro!
|
MARC
| LEADER | 00000naa a2200000 4500 | ||
|---|---|---|---|
| 001 | r016312 | ||
| 005 | 20221213114911.8 | ||
| 041 | 0 | |a slo | |
| 044 | |a SK | ||
| 245 | 1 | 0 | |a Základy práva životného prostredia. 1 |c Soňa Košičiarová |
| 520 | |a Prvý príspevok do seriálu starostlivosti o poľnohospodársky pôdny fond. Pojem pôda a právna úprava starostlivosti o pôdu. | ||
| 610 | 2 | 0 | |a pôda |
| 610 | 2 | 0 | |a poľnohospodárstvo |
| 610 | 2 | 0 | |a fond pôdny |
| 610 | 2 | 0 | |a ochrana prostredia životného |
| 610 | 2 | 0 | |a predpisy právne |
| 100 | 1 | |a Košičiarová, Soňa | |